Vybrané aspekty potravinovej politiky v Európskej únii a na Slovensku

Plytvanie potravinami v štátoch EÚ. Spotreba potravín na Slovensku.

Salvato in:
Dettagli Bibliografici
Autore principale: Mydlová, Anna
Natura: Capitolo di libro
Lingua:slovacco
Soggetti:
Tags: Aggiungi Tag
Nessun Tag, puoi essere il primo ad aggiungerne!!

MARC

LEADER 00000naa a2200000 4500
001 0181600
005 20231208110742.2
041 0 |a slo 
044 |a SK 
245 1 0 |a Vybrané aspekty potravinovej politiky v Európskej únii a na Slovensku  |c Anna Mydlová 
520 |a Plytvanie potravinami v štátoch EÚ. Spotreba potravín na Slovensku. 
610 2 0 |a potraviny 
610 2 0 |a spotreba potravín 
610 2 0 |a Európska únia 
610 2 0 |a Slovensko 
100 1 |a Mydlová, Anna